| 000 | 00551cam a22001811 4500 | ||
|---|---|---|---|
| 001 | 000018840 | ||
| 005 | 20200929165850.0 | ||
| 008 | 721213s1954 nyu 000 1 eng | ||
| 040 |
_aDO-SdBNP _cDLC _dDLC _dBNPHU |
||
| 082 |
_a891.21 _bM542r |
||
| 100 | 1 |
_aMenen, Aubrey. _940597 |
|
| 245 | 1 | 4 |
_aThe Ramayana as told by Aubrey Menen / _cAubrey Menen. |
| 260 |
_aNew York : _bCharles Scribner´s sons, _c1954. |
||
| 300 |
_a276 p. ; _c20 cm. |
||
| 650 | 0 |
_aRama (deidad indú) _vFICCIÓN _940598 |
|
| 910 | _aCatalogación derivada / LC | ||
| 049 | _aBNGR | ||
| 999 |
_c18360 _d18360 |
||